|
|
|
|
| LEADER |
00000nas a2200000 a 4500 |
| 001 |
ssj0009597 |
| 003 |
WaSeSS |
| 005 |
20200512172242.0 |
| 006 |
m d |
| 007 |
cr n |
| 008 |
011205c19699999mauar ss 0 0eng c |
| 010 |
|
|
|a 2001227410
|
| 015 |
|
|
|a GBB3A8690
|2 bnb
|
| 016 |
7 |
|
|a 020797192
|2 DE-101
|
| 016 |
7 |
|
|a 2024264-5
|2 DE-600
|
| 016 |
7 |
|
|a 012435047
|2 Uk
|
| 022 |
|
|
|a 1467-9531
|l 0081-1750
|y 0081-1750
|
| 035 |
|
|
|a (WaSeSS)ssj0009597
|
| 037 |
|
|
|b Blackwell Publishers Ltd., 108 Cowley Road, Oxford OX4 1JF, England
|
| 040 |
|
|
|a EYM
|b eng
|c EYM
|d OCLCQ
|d PIT
|d F#A
|d OCLCQ
|d VRC
|d OCLCQ
|d GBVCP
|d OCLCQ
|d OCLCF
|d VT2
|d OCLCQ
|d DEBBG
|d DGU
|d OCLCA
|d NLE
|d U3W
|d GILDS
|d OCLCO
|d AU@
|d WYU
|d UKMGB
|d AUD
|d NJT
|d OCLCO
|d WaSeSS
|
| 042 |
|
|
|a pcc
|
| 050 |
1 |
4 |
|a HM24
|
| 060 |
0 |
0 |
|a W1
|b SO878X
|
| 082 |
0 |
4 |
|a 301.018
|
| 130 |
0 |
|
|a Sociological methodology (Online)
|
| 245 |
1 |
0 |
|a Sociological methodology
|h [electronic resource].
|
| 260 |
|
|
|a San Francisco :
|b Jossey-Bass,
|c 1969-
|
| 310 |
|
|
|a Annual
|
| 362 |
0 |
|
|a Vol. 1 (1969)-
|
| 490 |
1 |
|
|a 1969-1985: Jossey-Bass behavioral science series
|
| 500 |
|
|
|a Imprint varies: Washington, D.C. : American Sociological Association, 1986-1988; Oxford, U.K. ; Cambridge, Mass. : Basil Blackwell, 1989-1992; Boston, Mass. : Blackwell Publishers, 1993-
|
| 500 |
|
|
|a Title from title screen (viewed Dec. 5, 2001).
|
| 506 |
|
|
|a License restrictions may limit access.
|
| 538 |
|
|
|a Mode of access: World Wide Web.
|
| 550 |
|
|
|a Official publication of: The American Sociological Association.
|
| 588 |
|
|
|a Latest issue consulted: Vol. 30 (2000) (surrogate).
|
| 650 |
|
0 |
|a Sociology
|x Methodology
|v Periodicals.
|
| 650 |
|
1 |
|a Sociology.
|
| 650 |
|
2 |
|a Sociology.
|
| 650 |
|
7 |
|a Sociology
|x Methodology.
|2 fast
|0 (OCoLC)fst01123900
|
| 655 |
|
0 |
|a Electronic journals.
|
| 710 |
2 |
|
|a American Sociological Association.
|
| 776 |
1 |
|
|t Sociological methodology
|x 0081-1750
|w (DLC) 68054940
|w (OCoLC)1765945
|
| 830 |
|
0 |
|a Jossey-Bass behavioral science series.
|
| 856 |
4 |
0 |
|z Full text available from Research Library: 01/01/1997 to 2011
|u https://search.proquest.com/publication/35894
|